Countries Bordering 'D' Countries - Statistics

General Stats
  • This quiz has been taken 1,077 times
  • The average score is 10 of 13
Answer Stats
Country % Correct
Germany
96%
Eritrea
83%
Ethiopia
83%
Haiti
82%
Somalia
80%
R. Congo
77%
C.A.R
73%
Angola
72%
Rwanda
70%
Uganda
70%
Zambia
69%
Burundi
68%
South Sudan
66%
No matching quizzes found
Score Distribution
Percent of People with Each Score
Percentile by Number Answered
Your Score History
You have not taken this quiz